| 000 | 00000nam 2200000za 4500 |
| 001 | 9.688897 |
| 003 | CaOODSP |
| 005 | 20210624231639 |
| 007 | cr ||||||||||| |
| 008 | 150407s2006||||xxc|||| o f000 0 eng d |
| 020 | |a0-662-44217-2 |
| 040 | |aCaOODSP|beng |
| 043 | |an-cn--- |
| 086 | 1 |aH164-32/2006E-PDF |
| 110 | 1 |aCanada. |bHealth Products and Food Branch. |
| 245 | 10|aGuidance document |h[electronic resource] : |bconsumer advertising guidelines for marketed health products (for nonprescription drugs including natural health products) / |cHealth Products and Food Branch. |
| 246 | 10|aConsumer advertising guidelines for marketed health products (for nonprescription drugs including natural health products) |
| 246 | 1 |iCaption title, preceding main text: |aIssuance of the final consumer advertising guidelines for marketed health products (for non-prescription drugs including natural health products) |
| 260 | |aOttawa : |bHealth Canada, |c2006. |
| 300 | |a78p.|breferences, tables |
| 500 | |a"Date Adopted 2006/10/18; Effective Date 2006/10/18" |
| 500 | |aIssued also in French under title: Lignes directrices sur la publicité des produits de santé commercialisés destinée aux consommateurs (pour les médicaments en vente libre incluant les produits de santé naturels). |
| 500 | |aElectronic monograph in PDF format. |
| 590 | |a12-42-Supp|b2012-11-21 |
| 690 | 07|aAdvertising|2gcpds |
| 690 | 07|aHealth care products|2gcpds |
| 775 | 08|tLignes directrices sur la publicité des produits de santé commercialisés destinée aux consommateurs (pour les médicaments en vente libre incluant les produits de santé naturels) |w(CaOODSP)9.633318 |
| 856 | 40|qPDF|s337 KB|uhttps://publications.gc.ca/collections/collection_2012/sc-hc/H164-32-2006-eng.pdf |